| 000 | 00466nam a2200193Ia 4500 | ||
|---|---|---|---|
| 003 | 20180208105216.0 | ||
| 005 | 20180208105302.0 | ||
| 008 | 180207s9999 xx 000 0 und d | ||
| 020 | _a2894295308 | ||
| 050 | _bW855 1994 | ||
| 100 | _aWolf, Tony. | ||
| 245 |
_cTony Wolf. _aPinocchio / |
||
| 260 | _aCanada : | ||
| 260 | _bTormont Publications, Inc., | ||
| 260 | _c1994 | ||
| 300 | _aunpaged : | ||
| 300 | _bcolor illustration ; | ||
| 942 |
_2ddc _cBK |
||
| 999 |
_c355029 _d355029 |
||